[Event "Madrid-ch Seniors 65"]
[Site "Madrid"]
[Date "2017.01.25"]
[Round "4"]
[White "Osanz Diaz, Francisco"]
[Black "Olano Lanchas, Dionisio"]
[Result "1-0"]
[WhiteElo "1622"]
[BlackElo "1692"]
[PlyCount "58"]
[EventDate "2017.01.20"]
[EventType "swiss"]
[EventRounds "7"]
[EventCountry "ESP"]
[SourceTitle "CBM 176 Extra"]
[Source "ChessBase"]
[SourceDate "2017.03.02"]
[SourceVersion "1"]
[SourceVersionDate "2017.03.02"]
[SourceQuality "1"]

1. d4 f5 2. Nf3 d6 3. c4 Nf6 4. Nc3 c6 5. h3 e6 6. Bg5 Nbd7 7. e3 Qb6 8. Qc2 a5 9. Be2 Be7 10. 0-0 0-0 11. Rac1 Rf7 12. Na4 Qc7 13. Rfd1 b6 14. Qb1 Nf8 15. Nc3 h6 16. Bf4 g5 17. Bh2 Qb7 18. e4 f4 19. e5 Ne8 20. Ne4 d5 21. cxd5 exd5 22. a3 Ng7 23. Nfd2 c5 24. dxc5 Bxc5 25. Nxc5 bxc5 26. Rxc5 Qb6 27. Kh1 a4 28. Rdc1 Bb7 29. Rb5 Qa7 1-0